| 000 | 01479nam a2200337 i 4500 | ||
|---|---|---|---|
| 003 | EG-GICUC | ||
| 005 | 20260420122405.0 | ||
| 008 | 260420s1974 ua d|||fr|||| 00| 0 Ara d | ||
| 017 | _a2172/1974 | ||
| 040 |
_a EG-GICUC _bara _c EG-GICUC _d EG-GICUC _erda |
||
| 041 | 0 | _aAra | |
| 082 | 0 | 4 |
_221 _a343.432 _bق ا |
| 092 | 0 | 4 | _221 |
| 099 | _aLaw1 10 343.432 ق ا 1974 | ||
| 245 | 0 | 0 | _aقانون المرور ولائحته التنفيذية. |
| 264 | 3 |
_aالقاهرة : _bدار الطباعة الحديثة، _c1974. |
|
| 300 |
_a224 صفحة : _b؛جداول _c24 سم. |
||
| 336 |
_2rda content _atext |
||
| 337 |
_2rda media _aComputer |
||
| 338 |
_2rda carrier _aOnline Resource |
||
| 490 | _aالمحاماة | ||
| 500 | _aيشتمل هذا الملحق على القانون رقم ٦٦ لسنة ١٩٧٣ بإصدار قانون المرور اللائحة التنفيذية لقانون المرور قانون المرور الإجباري من المسئولية المدنية الناشئة من حوادث السيارات | ||
| 505 | _aملحق العددين الأول والثانى من السنة الخامسة والخمسين | ||
| 546 | _aالنص باللغة العربية | ||
| 650 | 1 |
_aالتشريع الخاص بالمرور _2qrmak |
|
| 650 | 1 |
_aالقانون الجنائى _2qrmak |
|
| 651 | 1 | _2qrmak | |
| 856 | 4 | 0 | _uhttps://fll.law.cu.edu.eg/fulltext/bks/B10-09819.pdf |
| 905 | _a54 | ||
| 942 |
_2ddc _cBK _e21 _n0 |
||
| 999 |
_c72099 _d72099 |
||